Population, food and land inequality in India 1971: A geography of hunger and insecurity (Record no. 229828)

MARC details
000 -LEADER
fixed length control field 00441nam a2200157Ia 4500
008 - FIXED-LENGTH DATA ELEMENTS--GENERAL INFORMATION
fixed length control field 230917s9999||||xx |||||||||||||| ||und||
020 ## - ISBN
Price RS95
040 ## - CATALOGING SOURCE
-- 20019
Original cataloging agency VIVEKANANDA LIBRARY
041 ## - Language
-- English
082 ## - DDC NUMBER
Classification number 301.52 M692P
100 ## - MAIN ENTRY--PERSONAL NAME
Personal name Mitra, Asok
245 #0 - TITLE STATEMENT
Title Population, food and land inequality in India 1971: A geography of hunger and insecurity
260 ## - PUBLICATION, DISTRIBUTION, ETC. (IMPRINT)
Place of publication, distribution, etc Bombay
Name of publisher, distributor, etc Allied Publishers
Date of publication, distribution, etc 1980
300 ## - PHYSICAL DESCRIPTION
Pages xvii, 112 p.
942 ## - ADDED ENTRY ELEMENTS (KOHA)
Koha item type Books
Holdings
Withdrawn status Lost status Damaged status Not for loan Location (home branch) Sublocation or collection (holding branch) Date acquired Koha issues (times borrowed) Koha full call number Accession No. Koha date last seen Koha item type
        VIVEKANANDA LIBRARY VIVEKANANDA LIBRARY 08/08/2002   301.52 M692P 97972 17/09/2023 Books
© Designed and Maintained by Vivekananda Library, MDU Rohtak